Red or Blue? Quiz Stats

 Plays Quiz Updated Jul 26, 2016

Also try: 16 Crayon Colors
Challenge
Share
Tweet
Embed
Score 0/22 Timer 03:00
1 Play Today
Color (R)ed or (B)lue? % Correct
Scarlet???
89.6%
Maroon???
89.2%
Crimson???
89%
Burgundy???
88.4%
Auburn???
87.5%
Indigo???
87.2%
Cobalt???
85.8%
Cinnabar???
83.2%
Lapis???
79.8%
Cerulean???
79.5%
Slate???
79.2%
Color (R)ed or (B)lue? % Correct
Celeste???
72.9%
Vermilion???
67.1%
Incarnadine???
61.9%
Labrador???
61%
Smalt???
58%
Amaranth???
56.5%
Watchet???
55%
Pervenche???
54.4%
Pavonated???
54.1%
Zaffre???
52.6%
Falu???
43.7%

You're not logged in!

Compare scores with friends on all Sporcle quizzes.
OR
Log In

You Might Also Like...

Show Comments

Extras

Top Quizzes Today


Score Distribution

Your Account Isn't Verified!

In order to create a playlist on Sporcle, you need to verify the email address you used during registration. Go to your Sporcle Settings to finish the process.

Report this User

Report this user for behavior that violates our Community Guidelines.

Details: